000 00545nam a2200181Ia 4500
003 IN-BaIIA
008 211028s9999 xx 000 0 eng d
040 _cIIA Library
080 _a524.834
_bGEN
245 0 _aGeneral relativity
_bpapers in honour of Jol Synge
_cedited by L. O'Raifertaigh
260 _aOxford
_bClarendon Press
_c1972
300 _aix, 277p.
650 _aAstronomy and astrophysics thesaurus
650 _aGeneral theory of relativity
_93170
650 _aRelativity
700 _aO'Raifertaigh, L., ed.
_97264
942 _cBK
999 _c4119
_d4119